000 00485 a2200181 4500
001 142061
040 _cLeonardo Da Vinci
041 _aPortuguês
082 _a797.124 F823n
_bF823n
100 _aFORN, Hernán Alvarez
245 _aO nauticômio
_bde formiga negra
260 _bMarítimas
_c1988
_aRio de Janeiro
300 _a220
362 _a19880000
500 _aCarmen Ballor (Tradução)
520 _aNavegação à vela
_aNavegador
_aSuperstição
_aBarco
942 _cBK
999 _c142061
_d142061